000 00701nam a22001817a 4500
003 UA-OsUOA
001 14973
007 ta
008 20031027b un ||||| |||| 00| 0 ukr d
100 _aБасараба В.
942 _cSA
040 _aUA-OsUOA
_cUA-OsUOA
_dUA-OsUOA
245 _aЗавтра знову буде робота : [Про роботу Сарнен. труд. колективу т-ва з обмеженою відповідальністю "Укрполь" , який очолює Н.Г.Ткаленко]
300 _aС.3
955 _a0
773 0 _w0
_tВільне слово
_dРівне
_d2003
_g№56/ 18 лип./
650 7 _aКраєзнавча робота
_2UDC
999 _c301138
_d301138